High Country Trail : Along the Continental Divide /

La National Geographic Special Publications Series es una colección documental iniciada en 1965 por la National Geographic Society, que presenta exploraciones a lugares y culturas de los cinco continentes, en volúmenes monográficos profusamente ilustrados que recuperan información geográfica, arqueo...

תיאור מלא

שמור ב:
מידע ביבליוגרפי
מחבר ראשי: Robbins, Michael (autor)
מחברים אחרים: Gray, William R. (autor) (autor), Chesley, Paul (fotógrafo) (fotógrafo)
פורמט: ספר
שפה:אנגלית
יצא לאור: Washington, EUA : National Geographic Society, Special Publications Division, 1981, c1981
סדרה:(National Geographic Special Publications Series)
נושאים:
תגים: הוספת תג
אין תגיות, היה/י הראשונ/ה לתייג את הרשומה!

MARC

LEADER 00000nam^a2200000^a^4500
001 000391354
005 20250521000000.0
009 20260310121213.014
037 |a Acervo ITESO - Biblioteca 
041 |a ING 
082 |a 910.  |b NAT V. 7 
100 |a Robbins, Michael  |e (autor) 
245 1 0 |a High Country Trail :  |b Along the Continental Divide /  |c M. Robbins ; fotografía de P. Chesley. 
264 4 |a Washington, EUA :  |b National Geographic Society, Special Publications Division,  |c 1981, c1981 
300 |a 199 p. 
336 |a texto  |b txt  |2 rdacontenido 
337 |a sin mediación  |b n  |2 rdamedio 
338 |a volumen  |b nc  |2 rdasoporte 
440 1 |a (National Geographic Special Publications Series) 
520 |a La National Geographic Special Publications Series es una colección documental iniciada en 1965 por la National Geographic Society, que presenta exploraciones a lugares y culturas de los cinco continentes, en volúmenes monográficos profusamente ilustrados que recuperan información geográfica, arqueológica, etnográfica, histórica y artística. La publicación inició con una frecuencia de tres números anuales, aunque pronto alcanzó el estándar de cuatro libros por año y tienen en su haber más de 115 títulos. La biblioteca del ITESO conserva 43 volúmenes, principalmente de la naturaleza y la geografía del continente americano. 
649 |a XX 
650 |a Alpinismo -  |z EUA -  |x Tema Principal 
650 |a Montañas -  |z EUA -  |x Tema Principal 
650 |a Orografía -  |z EUA 
650 |a EUA -  |x Descripción 
700 |a Gray, William R.  |e (autor) 
700 |a Chesley, Paul  |e (fotógrafo) 
910 |a Fondo General 
920 |a Impresos - Libros 
930 |a Obras de Referencia 
905 |a 102 
901 |a 0183040100  |b IT2  |c REF  |u 20250521 
902 |a https://opac.biblio.iteso.mx/vufind/Record/000391354